<?xml version="1.0" encoding="UTF-8"?>
<collection xmlns="http://www.loc.gov/MARC21/slim">
  <record>
    <leader>00000nam  2200000   4500</leader>
    <controlfield tag="001">INLIS000000000002092</controlfield>
    <controlfield tag="005">20180724144107</controlfield>
    <controlfield tag="008">180724|||||||||   |   |||   |||| ||   | </controlfield>
    <datafield tag="035" ind1=" " ind2=" ">
      <subfield code="0">010-0718002092</subfield>
    </datafield>
    <datafield tag="041" ind1=" " ind2=" ">
      <subfield code="a">id</subfield>
    </datafield>
    <datafield tag="082" ind1=" " ind2=" ">
      <subfield code="a">R. 08</subfield>
    </datafield>
    <datafield tag="090" ind1=" " ind2=" ">
      <subfield code="a">R. 08 PIM I 2016</subfield>
    </datafield>
    <datafield tag="100" ind1=" " ind2=" ">
      <subfield code="a">Monoarfa, Winarni</subfield>
    </datafield>
    <datafield tag="245" ind1=" " ind2=" ">
      <subfield code="a">Model Revolusi Mental Aparatur Sipil Negara Berbasis Siransija (Sistem Pengukuran Prestasi Kerja) Di Propinsi Gorontalo</subfield>
    </datafield>
    <datafield tag="260" ind1=" " ind2=" ">
      <subfield code="a">Jakarta</subfield>
      <subfield code="b">LAN Jakarta</subfield>
      <subfield code="c">2016</subfield>
    </datafield>
    <datafield tag="300" ind1=" " ind2=" ">
      <subfield code="a">ii, 30 hlm., Lam, 30 cm</subfield>
    </datafield>
    <datafield tag="500" ind1=" " ind2=" ">
      <subfield code="a">Pelaksanaan Proyek Perubahan dengan topik Model Revolusi Mental Aparatur Sipil Negara berbasis Siransija (Sistim Pengukuran Prestasi Kerja) di Provinsi Gorontalo, terbentuknya tim efektif Proyek Perubahan melalui Surat Keputusan Gubernur Gorontalo nomor: 800/SK/04/IX/05/2016 tanggal 10 Agustus 2016 tentang Pembentukan Tim Efektif Model Revolusi Mental Aparatur Sipil Negara berbasis Siransija (Sistim Pengukuran Prestasi Kerja) di Provinsi Gorontalo. Dan tersedianya mekanisme dan proses Model revolusi Mental Aparatur Si[pil Negara berbasis Siransija (Sistim Pengukuran Prestasi Kerja) di Provinsi Gorontalo dalam bentuk Peraturan Gubernur Gorontalo Nomor: 50 tahun 2016 tanggal 23 September 2016.</subfield>
    </datafield>
    <datafield tag="650" ind1=" " ind2=" ">
      <subfield code="a">Revolusi Mental</subfield>
    </datafield>
  </record>
</collection>
